| 000 | 00593nam a2200217 a 4500 | ||
|---|---|---|---|
| 001 | BRCA_7027 | ||
| 005 | 20190320205700.0 | ||
| 008 | 291111s1932----gw-#######---#000-0#esp-# | ||
| 041 | _ager | ||
| 044 | _agw | ||
| 050 | 4 |
_aSB409 _b.N52 _c1932 |
|
| 245 | 1 | 0 |
_aOrchideen un ihre Kultur im Zimmer und Gewächshaus _cWoldemar Nicolai |
| 260 |
_aFrankfurt, Alemania _bTrowitzsch _c1932 |
||
| 300 |
_a132 p. _bil. _c25 cm. |
||
| 500 | _aIncluye índice de ilustraciones | ||
| 500 | _aI174 | ||
| 650 | 1 | 4 |
_aOrquídeas _97665 |
| 700 | 1 |
_aNicolai, Woldemar _917474 |
|
| 902 | _aGFM | ||
| 942 |
_2lcc _cB |
||
| 999 |
_c6708 _d6708 |
||